Arrau

Guardat en:
Dades bibliogràfiques
Autor principal: Horowitz, Joseph
Format: Llibre
Idioma:espanyol
Publicat: Javier Vergara. c1984.
Matèries:
Etiquetes: Afegir etiqueta
Sense etiquetes, Sigues el primer a etiquetar aquest registre!

MARC

LEADER 00000nam a22000005a 4500
001 8045
003 CL-ChBUA
005 20120815103051.0
008 070301s1984 ag 000 0 spa
020 |a 9501502848 
040 |a CL-ChBUA  |c CL-ChBUA 
082 0 0 |a 927 
090 |c 8045  |d 8045 
100 1 |a Horowitz, Joseph. 
245 1 0 |a Arrau 
260 |b Javier Vergara.  |c c1984. 
300 |a 316 p.  |c 21 cm. 
650 4 |a ARRAU - BIOGRAFIA. 
942 |c LIB 
952 |0 0  |1 0  |4 0  |7 0  |9 11949  |a UNACH  |b UNACH  |c 900  |d 2007-03-05  |i 30.411.  |l 1  |o 927 / H 812.  |p 12948  |q 2026-04-09  |r 2026-04-06 20:15:53  |s 2026-04-06  |u 11949  |w 2012-08-08  |y LIB  |k 927 / H 812. 
999 |c 8045  |d 8045